| 000 | 00702nam a2200193Ia 4500 | ||
|---|---|---|---|
| 008 | 130821s1973 ag gr spa | ||
| 040 |
_aCo-BoUCM _bspa |
||
| 041 | 0 | 0 | _aspa |
| 100 | 1 |
_aAltamira Gigena, Julio Isidro _9102592 |
|
| 245 | 1 | 0 |
_aResponsabilidad del Estado _cJulio I. Altamira Gigena ; Prólogo de Manuel María Diez. |
| 260 |
_aBuenos Aires (Argentina) _bAstrea _c1973 |
||
| 300 | _a191 páginas | ||
| 504 | _aIncluye bibliografía. | ||
| 650 | 0 | 4 |
_aDerecho administrativo _912695 |
| 650 | 0 | 4 |
_aDerecho administrativo _zArgentina _9102512 |
| 650 | 0 | 4 |
_923675 _aResponsabilidad del Estado _zArgentina |
| 942 |
_cLIBRO _2DEWEY _a8 _e1 _h342.088 _mA57 |
||
| 999 |
_c21880 _d21880 |
||